| 000 | 00406nam a2200157Ia 4500 | ||
|---|---|---|---|
| 008 | 160316s1994 xxu||||| |||| 00| 0 eng d | ||
| 082 |
_a934.000000 _bMAJ |
||
| 100 | _aMajumdar R C | ||
| 245 | _aAncient India | ||
| 250 | _a8th | ||
| 260 |
_aDelhi _bMotilal Banarasidas _c1994 |
||
| 300 |
_a538 _b _c |
||
| 365 | _bRs.98/- | ||
| 650 | _a1. Ancient Indian History 2. Ancient History - India | ||
| 700 |
_a _a |
||
| 999 |
_c11078 _d11078 |
||